| 000 | 00838nam a2200277Ia 4500 | ||
|---|---|---|---|
| 008 | 170203s9999 xx 000 0 und d | ||
| 020 | _a9780746080061 | ||
| 050 | _aFic | ||
| 050 | _bS588a | ||
| 100 | _aSims, Lesley. | ||
| 245 | _aAlice in wonderland / | ||
| 245 | _cillustrated by Mauro Evangelista ; retold by Lesley Sims ; based on the original story by Lewis Carroll. | ||
| 260 | _aLondon : | ||
| 260 | _bUsborne, | ||
| 260 | _c2008 | ||
| 300 | _a1 volume : | ||
| 300 | _bcolor illustrations ; | ||
| 300 | _c20 cm | ||
| 440 | _aYoung reading., | ||
| 440 | _vSeries two. | ||
| 650 | _aAlice -- (Fictitious character from Carroll) | ||
| 650 | _aAlice -- (Fictitious character from Carroll) -- | ||
| 650 | _xJuvenile fiction. | ||
| 700 | _aCarroll, Lewis. | ||
| 700 | _aEvangelista, Mauro, illustration. | ||
| 999 |
_c306656 _d306656 |
||